00568nam a22001337a 4500999001700000100007800017245009600095260002700191300000900218650006100227856003300288942001100321952010200332 c67312d67309 aMujahid Hussain Lasharia19MCEM10aSupervisor - Prof.Dr. Noor Ahmed Memon aDevelopment of Fiber Reinforced Self Compacted Concrete Containing Nylon Fibers (ME Thesis) aNawabshahbQUESTc2021 a40p. aFiber Reinforced SelfaConcrete Containing Nylon Fibers  uhttps://tinyurl.com/5dzh6u4z cTHESIS 00104070aRESEARCHbRESEARCHd2021-09-13l0pMP/68-875r2021-09-13 00:00:00w2021-09-13yTHESIS